Assam district census handbook, Naga Hills (Record no. 483651)

000 -LEADER
fixed length control field 00370cam a22001217a 4500
008 - FIXED-LENGTH DATA ELEMENTS--GENERAL INFORMATION
fixed length control field 180718b1952 xxu||||| |||| 00| 0 eng d
082 ## - DEWEY DECIMAL CLASSIFICATION NUMBER
Classification number A81x5411 In2/51/9
100 ## - MAIN ENTRY--PERSONAL NAME
Personal name Census of India 1951
245 ## - TITLE STATEMENT
Title Assam district census handbook, Naga Hills
260 ## - PUBLICATION, DISTRIBUTION, ETC.
Place of publication, distribution, etc. Gauhati
Name of publisher, distributor, etc. Superintendent, Census Operations
Date of publication, distribution, etc. 1952
300 ## - PHYSICAL DESCRIPTION
Extent 98+p.
440 ## - SERIES STATEMENT/ADDED ENTRY--TITLE
Title Census of India 1951. Assam
Holdings
Withdrawn status Lost status Damaged status Not for loan Permanent Location Current Location Date acquired Full call number Barcode Date last seen Price effective from Koha item type
        Indian Institute of Public Administration Indian Institute of Public Administration 2018-08-04 A81x5411 In2/51/9 GG32932 2018-08-04 2018-08-04 GG

Powered by Koha